Fred again.. Charting Songs (Billboard Hot Dance) - Statistics

General Stats
  • This quiz has been taken 89 times
    6 since last reset
  • The average score is 18 of 41
Answer Stats
Album Weeks On Peak Artist(s) Song % Correct
Actual Life 3 (January 1 - September 9 2022) 20 Weeks #23 Fred again.. Delilah (pull me out of this)
75%
USB 6 Weeks #10 Fred again.. & BIA ..FEISTY
75%
USB 20 Weeks #6 Fred again.. & Baby Keem leavemealone
75%
USB 1 Week #35 Fred again.., Romy & HAAi Lights Out
75%
USB 2 Weeks #8 Fred again.. & Young Thug scared
75%
USB 5 Weeks #18 Fred again.., Sammy Virji & Reggie Talk of the Town
75%
USB and Skepta .. Fred 36 Weeks #4 Fred again.., Skepta & PlaqueBoyMax Victory Lap
75%
USB 3 Weeks #14 Fred again.., Sammy Virji & Winny Winny
75%
ten days 14 Weeks #16 Fred again.. & Obongjayar adore u
50%
USB 14 Weeks #11 Fred again.., Skrillex & Four Tet Baby again..
50%
ten days 1 Week #40 Fred again.., The Japanese House & Scott Hardkiss backseat
50%
Actual Life 3 (January 1 - September 9 2022) 19 Weeks #30 Fred again.. Bleu (better with time)
50%
Actual Life 3 (January 1 - September 9 2022) 2 Weeks #18 Fred again.. Clara (the night is dark)
50%
Actual Life 3 (January 1 - September 9 2022) 1 Week #45 Fred again.. Danielle (smile on my face)
50%
ten days 1 Week #29 Fred again.. & Sampha fear less
50%
ten days 1 Week #27 Fred again.., Duskus, Four Tet & Skrillex glow
50%
USB 20 Weeks #28 Fred again.. Jungle
50%
ten days 2 Weeks #17 Fred again.. & SOAK just stand there
50%
Actual Life 3 (January 1 - September 9 2022) 2 Weeks #45 Fred again.. Kammy (like i do)
50%
USB 2 Weeks #11 Fred again.. & Jamie T Lights Burn Dimmer
50%
Actual Life (April 14 – December 17, 2020) 2 Weeks #33 Fred again.. x The Blessed Madonna Marea (we've lost dancing)
50%
USB 1 Week #25 Fred again.., Danny Brown, BEAM, PARISI & JPEGMAFIA Ok Ok
50%
ten days 1 Week #37 Fred again.. & Joy Anonymous peace u need
50%
ten days 20 Weeks #10 Fred again.., Anderson .Paak & CHIKA places to be
50%
USB and Quest for Fire 20 Weeks #10 Skrillex, Fred again.. & Flowdan Rumble
50%
USB 1 Week #23 Fred again.. & BLANCO solo
50%
Mid Air 2 Weeks #27 Romy & Fred again.. Strong
50%
ten days 20 Weeks #17 Fred again.. & Jozzy ten
50%
USB 22 Weeks #16 Fred again.. & Swedish House Mafia ft. Future Turn On the Lights again...
50%
USB 1 Week #7 Fred again.. & Amyl And The Sniffers you're a star
50%
USB 1 Week #34 Fred again.. x Berwyn x Gesaffelstein BerwynGesaffNeighbours
25%
Non-Album Single 1 Week #23 FKA Twigs, Headie One & Fred again.. Don't Judge Me
25%
USB 1 Week #24 Fred again.., KETTAMA & Shady Nasty HARDSTYLE 2
25%
two more days 1 Week #15 Fred again.. & Angie McMahon light dark light
25%
USB 8 Weeks #12 Fred again.., Lil Yachty & Overmono stayinit
25%
USB 1 Week #50 Fred again.. x India Jordan Admit It (u don't want 2)
0%
USB 2 Weeks #15 Fred again.. & CA7RIEL & Paco Amoroso Beto's Horns (Fred Remix)
0%
USB 1 Week #18 Fred again.. & Wallfacer I Luv U
0%
two more days 1 Week #33 Fred again.. & John Martyn little mystery
0%
Skepta .. Fred 1 Week #24 Skepta & Fred again.. London
0%
Non-Album Single 1 Week #30 Fred again.., The Streets & Dermot Kennedy Mike (desert island duvet)
0%
No matching quizzes found
Score Distribution
Percent of People with Each Score
Percentile by Number Answered
Your Score History
You have not taken this quiz since the last reset